Weltgeschiechtliche Betrachtungen / (Record no. 37136)

MARC details
000 -LEADER
campo de control de longitud fija 00640nam a2200193 i 4500
001 - NÚMERO DE CONTROL
campo de control 37136
003 - IDENTIFICADOR DE NÚMERO DE CONTROL
campo de control ES-MaACL
005 - FECHA Y HORA DE LA ÚLTIMA TRANSACCIÓN
campo de control 20240126062958.0
007 - CAMPO FIJO DE DESCRIPCIÓN FÍSICA--INFORMACIÓN GENERAL
campo de control de longitud fija t|
008 - DATOS DE LONGITUD FIJA--INFORMACIÓN GENERAL
campo de control de longitud fija 030220q19001999gw ||||1| ger d
100 1# - ENTRADA PRINCIPAL--NOMBRE DE PERSONA
Nombre de persona Burckhardt, Jacob,
Fechas asociadas al nombre 1818-1897
9 (RLIN) 32584
245 10 - MENCIÓN DEL TÍTULO
Título Weltgeschiechtliche Betrachtungen /
Mención de responsabilidad, etc. von Jacob Burckhardt ; mit nachwort herausgegeben von Rudolf Marx.
260 ## - PUBLICACIÓN, DISTRIBUCIÓN, ETC.
Lugar de publicación, distribución, etc. Leipzig :
Nombre del editor, distribuidor, etc. Alfred Kröner,
Fecha de publicación, distribución, etc. [19--?] (
Fabricante J.B. Hirschfeld)
300 ## - DESCRIPCIÓN FÍSICA
Extensión 394 p. ;
Dimensiones 18 cm.
650 #4 - PUNTO DE ACCESO ADICIONAL DE MATERIA--TÉRMINO DE MATERIA
Término de materia o nombre geográfico como elemento de entrada Historia-
Subdivisión general Filosofía.
9 (RLIN) 13380
700 1# - ENTRADA AGREGADA--NOMBRE PERSONAL
Nombre de persona Marx, Rudolf.
9 (RLIN) 78598
852 ## - LOCALIZACIÓN
Ubicación ES-MaACL
Número de control de estantería A-4726
Sublocalización o colección R.16678
Holdings
Estatus retirado Estado de pérdida Estado de daño No para préstamo Colección Biblioteca de origen Biblioteca actual Ubicación en estantería Fecha de adquisición Fuente de adquisición Total de préstamos Signatura topográfica completa Código de barras Visto por última vez Precio de reemplazo Tipo de ítem Koha
        Libros del s. XIX Biblioteca del Ateneo de Madrid Biblioteca del Ateneo de Madrid Sala Pecera Planta 1 17/01/2008     A-4726 1039071 23/02/2023 23/02/2023 Libro impreso antiguo